¿A que país pertenece la ciudad? #3 - Estadísticas

Estadísticas generales
  • Esta prueba ha sido intentada 48 veces
  • La puntuación promedio es 8 de 15
Estadísticas de respuestas
Pregunta Respuesta % Correcto
Vientián Laos
89%
Łódź Polonia
89%
Cochabamba Bolivia
78%
Bergen Noruega
78%
Taskent Uzbekistán
78%
Nuakchot Mauritania
67%
Bukittinggi Indonesia
44%
Invercargill Nueva Zelanda
44%
Eisenstadt Austria
33%
Otavalo Ecuador
33%
Makokou Gabón
33%
Nikšić Montenegro
33%
Estelí Nicaragua
33%
Vanadzor Armenia
11%
Kisangani República Democrática del Congo
11%
No se encontraron pruebas coincidentes
Distribución de puntuación
Porcentaje de gente con cada puntuación
Porcentaje por número respondido
Historial de tus puntuaciones
No has intentado esta prueba.